[Event "Olympiad"]
[Site "Bled SLO"]
[Date "2002.11.06"]
[EventDate "2002.10.26"]
[Round "11"]
[Result "1/2-1/2"]
[White "Darmen Sadvakasov"]
[Black "Vlastimil Babula"]
[WhiteElo "2538"]
[BlackElo "2590"]
[PlyCount "120"]

1. e4 c5 2. Nf3 Nc6 3. d4 cxd4 4. Nxd4 Nf6 5. Nc3 e5 6. Ndb5
d6 7. Bg5 a6 8. Na3 b5 9. Bxf6 gxf6 10. Nd5 f5 11. Bd3 Be6
12. O-O Bxd5 13. exd5 Ne7 14. c3 Bg7 15. Qh5 e4 16. Be2 O-O
17. Nc2 f4 18. f3 f5 19. fxe4 fxe4 20. Bg4 Kh8 21. Rae1 Be5
22. Rxe4 Nxd5 23. Re2 f3 24. Rxe5 Qb6+ 25. Rf2 Nf6 26. Bxf3
Nxh5 27. Rxh5 Rae8 28. Kf1 a5 29. a3 Re5 30. Rh4 Qd8 31. Rd4
Qg5 32. Rd1 Qg6 33. Nd4 Qh6 34. h3 Qe3 35. Rfd2 Qg5 36. Rd3
Re3 37. Rxe3 Qxe3 38. Re1 Qd3+ 39. Kf2 b4 40. axb4 axb4
41. Re3 Qb1 42. Re2 Qd3 43. Re3 Qc4 44. Ne2 Qh4+ 45. Kf1 Rf7
46. Nd4 h6 47. Kg1 Rf8 48. Re4 Qg5 49. Kf2 Qc1 50. Ne2 Qxb2
51. Rxb4 Qa3 52. h4 Qa7+ 53. Kg3 Rg8+ 54. Kh2 Qf2 55. Re4 Qe1
56. h5 Qf2 57. Re6 Qh4+ 58. Kg1 Qe1+ 59. Kh2 Qh4+ 60. Kg1 Qe1+
1/2-1/2

[Event "Olympiad"]
[Site "Bled SLO"]
[Date "2002.11.06"]
[EventDate "2002.10.26"]
[Round "11"]
[Result "1/2-1/2"]
[White "Tomas Oral"]
[Black "Petr Kostenko"]
[WhiteElo "2546"]
[BlackElo "2501"]
[PlyCount "71"]

1. e4 e5 2. Nf3 Nc6 3. d4 exd4 4. Nxd4 Bc5 5. Nxc6 Qf6 6. Qd2
dxc6 7. Nc3 Qe7 8. Bd3 Nf6 9. O-O Ng4 10. Be2 Qh4 11. Bxg4
Qxg4 12. Na4 Bd6 13. c4 Be6 14. c5 Be5 15. f4 Rd8 16. Qf2 Bd4
17. Be3 Bxe3 18. Qxe3 Bc4 19. h3 Qe6 20. Rf3 Rd3 21. Qf2 O-O
22. b3 Ba6 23. Rxd3 Bxd3 24. e5 f6 25. Qe3 Ba6 26. Nc3 fxe5
27. fxe5 h6 28. Re1 b6 29. Kh1 Bc8 30. Ne2 Re8 31. Nf4 Qf5
32. b4 Be6 33. Nxe6 Qxe6 34. a3 Rd8 35. Kh2 Rd5 36. Kh1
1/2-1/2

[Event "Olympiad"]
[Site "Bled SLO"]
[Date "2002.11.06"]
[EventDate "2002.10.26"]
[Round "11"]
[Result "1/2-1/2"]
[White "Miguel Mosquera"]
[Black "Jordi Magem Badals"]
[WhiteElo "2384"]
[BlackElo "2506"]
[PlyCount "87"]

1. e4 c5 2. Nf3 Nc6 3. d4 cxd4 4. Nxd4 Qc7 5. Nc3 e6 6. Be2 a6
7. O-O Nf6 8. Kh1 h5 9. f4 Nxd4 10. Qxd4 Bc5 11. Qd3 Ng4
12. e5 b5 13. Ne4 Bb7 14. Bf3 Rb8 15. Qe2 Bxe4 16. Bxe4 Qb6
17. h3 Nf2+ 18. Kh2 Nxe4 19. Qxe4 g6 20. Bd2 Qb7 21. Qe2 Rc8
22. Rad1 O-O 23. Be1 Be7 24. Rf3 b4 25. c4 bxc3 26. Bxc3 Rc7
27. Rfd3 Bb4 28. Bxb4 Qxb4 29. Rd4 Qb7 30. Rd6 Ra8 31. b3 a5
32. Qd3 Ra7 33. g4 hxg4 34. hxg4 Qb4 35. Rd4 Qc3 36. f5 Qxd3
37. R1xd3 gxf5 38. gxf5 exf5 39. Kg3 Kf8 40. Kf4 Ke7 41. Kxf5
Rc5 42. Ke4 Rb7 43. Rd5 Rb4+ 44. R3d4 1/2-1/2

[Event "Olympiad"]
[Site "Bled SLO"]
[Date "2002.11.06"]
[EventDate "2002.10.26"]
[Round "11"]
[Result "1-0"]
[White "Alfonso Romero Holmes"]
[Black "Jaime Alexander Cuartas Medina"]
[WhiteElo "2524"]
[BlackElo "2435"]
[PlyCount "127"]

1. d4 d5 2. c4 c6 3. Bf4 Nf6 4. e3 e6 5. Nc3 Nbd7 6. Nf3 Nh5
7. Bg5 Be7 8. Bxe7 Qxe7 9. Qc2 Nhf6 10. cxd5 exd5 11. Bd3 O-O
12. O-O Re8 13. Rab1 b6 14. Rfe1 Ne4 15. b4 Bb7 16. Bf1 f5
17. Qb3 a6 18. a4 b5 19. a5 Rf8 20. Ne2 g5 21. Qb2 Rae8 22. g3
Rf6 23. Ne5 Nxe5 24. dxe5 Qxe5 25. Qxe5 Rxe5 26. f4 Re7
27. Nd4 g4 28. Rbc1 Nd2 29. Bd3 Ref7 30. Kf2 Rh6 31. Rh1 Rh5
32. h3 gxh3 33. Rh2 Nc4 34. Rch1 c5 35. bxc5 Nxa5 36. Rxh3
Rxh3 37. Rxh3 Bc8 38. Rh6 Nc4 39. Rc6 Bb7 40. Re6 Kf8 41. Rh6
Bc8 42. Rc6 Bb7 43. Rh6 Bc8 44. Bxc4 dxc4 45. Rc6 Bb7 46. Rb6
Ke8 47. Ke2 Bc8 48. Rc6 Kd8 49. Rd6+ Kc7 50. Kd2 b4 51. Rc6+
Kd8 52. Rb6 b3 53. Kc3 Rb7 54. Rxb7 Bxb7 55. Nxf5 a5 56. Nd6
Ba6 57. e4 a4 58. Kb2 Kd7 59. f5 Kc6 60. f6 Kd7 61. e5 h5
62. c6+ Ke6 63. f7 Ke7 64. e6 1-0

[Event "Olympiad"]
[Site "Bled SLO"]
[Date "2002.11.06"]
[EventDate "2002.10.26"]
[Round "11"]
[Result "0-1"]
[White "Torstein Bae"]
[Black "Tapani Sammalvuo"]
[WhiteElo "2370"]
[BlackElo "2437"]
[PlyCount "109"]

1. d4 Nf6 2. c4 e6 3. Nf3 b6 4. e3 Bb7 5. Bd3 c5 6. Nc3 Be7
7. O-O cxd4 8. exd4 d5 9. cxd5 Nxd5 10. a3 O-O 11. Qe2 Nc6
12. Rd1 Na5 13. Ne5 Rc8 14. Qc2 h6 15. Bd2 Nxc3 16. Bxc3 Bd5
17. Re1 Kh8 18. Qe2 Bd6 19. Rad1 Rc7 20. Be4 Qa8 21. Qf3 Bxe4
22. Rxe4 Qd5 23. Re3 Qxf3 24. Rxf3 Bxe5 25. dxe5 Nc6 26. Rfd3
Rfc8 27. Rd7 Ne7 28. Rxc7 Rxc7 29. Rd3 Nd5 30. Kf1 Kh7 31. g3
g5 32. Ke2 Kg6 33. Kf3 Kf5 34. g4+ Kg6 35. Bd2 Rc4 36. h3 Rc2
37. b4 b5 38. Be3 a6 39. Ke4 Rc4+ 40. Kf3 Kg7 41. Bd2 Rc2
42. Be3 Kh7 43. Ke4 Kg6 44. Kf3 Ra2 45. Ke4 Ra1 46. Kf3 Rh1
47. Kg2 Re1 48. Kf3 Rg1 49. Rd2 Ra1 50. Rd3 Re1 51. Rd2 Rf1
52. Kg2 Ra1 53. Kf3 Rxa3 54. Rb2 Ne7 55. Rc2 0-1

[Event "Olympiad"]
[Site "Bled SLO"]
[Date "2002.11.06"]
[EventDate "2002.10.26"]
[Round "11"]
[Result "1-0"]
[White "Sampsa Nyysti"]
[Black "Daniel Hersvik"]
[WhiteElo "2410"]
[BlackElo "2311"]
[PlyCount "95"]

1. c4 c5 2. Nf3 Nc6 3. Nc3 g6 4. g3 Bg7 5. Bg2 e5 6. O-O d6
7. d3 Nge7 8. Ne1 Be6 9. Nd5 Bxd5 10. cxd5 Nb8 11. Qb3 Qb6
12. Qa4+ Nd7 13. Nc2 Qc7 14. Bd2 O-O 15. Rfc1 Nf6 16. e4 Qd7
17. Qxd7 Nxd7 18. Na3 Rfd8 19. Nc4 Nb8 20. b4 Na6 21. bxc5
dxc5 22. Rab1 Rab8 23. Bh3 b6 24. a3 Nc8 25. f4 exf4 26. Bxf4
Bd4+ 27. Kg2 Ra8 28. Rf1 Kg7 29. d6 f6 30. Be6 g5 31. Bd5 Rb8
32. Bxg5 fxg5 33. Rf7+ Kh8 34. d7 Nc7 35. Rbf1 Nd6 36. Nxd6
Nxd5 37. exd5 c4 38. dxc4 Bc5 39. Ne4 Kg8 40. Nxc5 bxc5
41. Re7 g4 42. Rf2 h5 43. Rfe2 Kf8 44. Re8+ Kf7 45. R2e7+ Kg6
46. Rxd8 Rxd8 47. Kf2 Kf6 48. d6 1-0

[Event "Olympiad"]
[Site "Bled SLO"]
[Date "2002.11.06"]
[EventDate "2002.10.26"]
[Round "11"]
[Result "1/2-1/2"]
[White "Priit Leito"]
[Black "Viktor Kupreichik"]
[WhiteElo "2347"]
[BlackElo "2485"]
[PlyCount "31"]

1. e4 c5 2. Nf3 Nc6 3. d4 cxd4 4. Nxd4 g6 5. Nc3 Bg7 6. Nb3
Nf6 7. Be2 O-O 8. O-O d6 9. Re1 a5 10. a4 Be6 11. Be3 Rc8
12. Nd4 Nxd4 13. Bxd4 Bc4 14. Nb5 e5 15. Bxc4 Rxc4 16. Bc3
1/2-1/2

[Event "Olympiad"]
[Site "Bled SLO"]
[Date "2002.11.06"]
[EventDate "2002.10.26"]
[Round "11"]
[Result "1/2-1/2"]
[White "Viacheslav Dydyshko"]
[Black "Meelis Kanep"]
[WhiteElo "2539"]
[BlackElo "2389"]
[PlyCount "71"]

1. d4 d5 2. c4 c6 3. Nf3 e6 4. e3 f5 5. Nc3 Nf6 6. Be2 Bd6
7. Ne5 O-O 8. O-O Nbd7 9. f4 Ne4 10. Nxe4 fxe4 11. Bd2 Nxe5
12. fxe5 Rxf1+ 13. Qxf1 Be7 14. Qf4 Bd7 15. Rf1 Qe8 16. a3 b6
17. Qg3 Qg6 18. Qh3 Rf8 19. Rc1 Qf7 20. Be1 Bg5 21. Qg3 Be7
22. cxd5 exd5 23. Bb4 a5 24. Rf1 Qe8 25. Rxf8+ Qxf8 26. e6
axb4 27. exd7 bxa3 28. bxa3 Qf6 29. Ba6 c5 30. Bb7 cxd4
31. Bxd5+ Kf8 32. Bxe4 dxe3 33. Qf3 Qxf3 34. gxf3 h6 35. Kf1
Bf6 36. Ke2 1/2-1/2

[Event "Olympiad"]
[Site "Bled SLO"]
[Date "2002.11.06"]
[EventDate "2002.10.26"]
[Round "11"]
[Result "0-1"]
[White "Alexander Veingold"]
[Black "Sergei Azarov"]
[WhiteElo "2476"]
[BlackElo "2520"]
[PlyCount "106"]

1. d4 Nf6 2. c4 e6 3. Nf3 b6 4. g3 Ba6 5. b3 Bb4+ 6. Bd2 Be7
7. Bg2 c6 8. Bc3 d5 9. Ne5 Nfd7 10. Nxd7 Nxd7 11. Nd2 O-O
12. O-O Rb8 13. a4 dxc4 14. Nxc4 c5 15. d5 exd5 16. Bxd5 Bf6
17. Qc2 Bxc3 18. Qxc3 Nf6 19. Bf3 Qe7 20. Rfd1 Bb7 21. Nd6
Bxf3 22. Qxf3 Rbd8 23. Nc4 Qe6 24. e3 h5 25. Rxd8 Rxd8 26. Rd1
Rxd1+ 27. Qxd1 h4 28. Qd8+ Kh7 29. Qd3+ g6 30. Qd6 Qf5
31. gxh4 Kg7 32. Qd1 Qh3 33. Ne5 Qxh4 34. f4 Qh3 35. Qd3 a6
36. Qe2 Nd5 37. Nf3 Qe6 38. Kf2 Nf6 39. Qb2 Kg8 40. Ke2 c4
41. bxc4 Qxc4+ 42. Ke1 Ne4 43. Nd2 Qc3 44. Qxc3 Nxc3 45. a5
bxa5 46. Nc4 a4 47. Kd2 Ne4+ 48. Kd3 f5 49. Ne5 Kg7 50. Kc4
Kf6 51. Nf3 Nf2 52. Nd2 Ng4 53. Nf1 Ke6 0-1

[Event "Olympiad"]
[Site "Bled SLO"]
[Date "2002.11.06"]
[EventDate "2002.10.26"]
[Round "11"]
[Result "0-1"]
[White "Shukhrat Safin"]
[Black "Yannick Pelletier"]
[WhiteElo "2542"]
[BlackElo "2587"]
[PlyCount "94"]

1. d4 Nf6 2. c4 e6 3. Nf3 b6 4. g3 Bb7 5. Bg2 Bb4+ 6. Bd2 a5
7. O-O O-O 8. Nc3 d6 9. d5 Bxc3 10. Bxc3 exd5 11. cxd5 Nxd5
12. Bxg7 Kxg7 13. Nh4 c6 14. Nf5+ Kh8 15. e4 Qf6 16. Bh3 Ne7
17. Nxd6 Bc8 18. e5 Qh6 19. Bxc8 Nxc8 20. Rc1 Nxd6 21. exd6 c5
22. Rc4 Nc6 23. Rh4 Qf6 24. Rf4 Qxb2 25. Qd5 Ne5 26. Re1 Ng6
27. Rxf7 Rxf7 28. Qxf7 Rf8 29. Re8 Qb1+ 30. Kg2 Qe4+ 31. Rxe4
Rxf7 32. Re8+ Kg7 33. Rb8 Kf6 34. Rxb6 Ke5 35. h4 Kd5 36. f4
Nf8 37. h5 Nd7 38. Rb5 Kxd6 39. Rxa5 c4 40. Kf3 Re7 41. g4 Nb6
42. Re5 Rxe5 43. fxe5+ Kxe5 44. g5 Kf5 45. g6 hxg6 46. hxg6
Kxg6 47. Ke4 Na4 0-1

[Event "Olympiad"]
[Site "Bled SLO"]
[Date "2002.11.06"]
[EventDate "2002.10.26"]
[Round "11"]
[Result "1/2-1/2"]
[White "Tahir Vakhidov"]
[Black "Florian Jenni"]
[WhiteElo "2545"]
[BlackElo "2483"]
[PlyCount "81"]

1. d4 Nf6 2. c4 e6 3. Nc3 Bb4 4. Qc2 O-O 5. a3 Bxc3+ 6. Qxc3
b6 7. Bg5 Bb7 8. f3 h6 9. Bh4 d5 10. e3 Nbd7 11. cxd5 Nxd5
12. Bxd8 Nxc3 13. Bh4 Nd5 14. Bf2 c5 15. e4 Ne7 16. Ne2 Rac8
17. Nc3 cxd4 18. Bxd4 Nc5 19. Rd1 Nc6 20. Be3 Rfd8 21. Rxd8+
Rxd8 22. Bxc5 bxc5 23. Na4 Nd4 24. Kf2 Nb3 25. Bc4 Na5 26. Be2
c4 27. Rd1 Rc8 28. Nc3 Bc6 29. Ke3 Rb8 30. Rd2 e5 31. Nd5 Bb5
32. Nc3 Bc6 33. Nd5 Bb5 34. Nb4 Nb3 35. Rd5 Nd4 36. Bd1 f6
37. f4 Nc6 38. Nxc6 Bxc6 39. Rc5 exf4+ 40. Kxf4 Bd7 41. Rxc4
1/2-1/2

[Event "Olympiad"]
[Site "Bled SLO"]
[Date "2002.11.06"]
[EventDate "2002.10.26"]
[Round "11"]
[Result "1/2-1/2"]
[White "Joseph G Gallagher"]
[Black "Marat Dzhumaev"]
[WhiteElo "2540"]
[BlackElo "2495"]
[PlyCount "155"]

1. e4 g6 2. d4 Bg7 3. Nc3 c6 4. f4 d5 5. e5 h5 6. Be3 Nh6
7. Nf3 Bg4 8. h3 Nf5 9. Bf2 Bxf3 10. Qxf3 h4 11. Bd3 e6
12. O-O Bf8 13. Ne2 a5 14. b3 Na6 15. a3 a4 16. c4 axb3
17. cxd5 Qxd5 18. Be4 Qd7 19. Qxb3 Be7 20. Rab1 Rb8 21. Qf3
O-O 22. Rfd1 Rfd8 23. Nc3 Nh6 24. Na4 Nc7 25. Nb6 Qe8 26. a4
Kg7 27. Rb2 Nf5 28. Kh2 Kh6 29. Qe2 Kg7 30. Rb3 Qf8 31. Qc2
Qe8 32. Qc3 Qh8 33. Bxf5 gxf5 34. g3 Qh6 35. Rg1 Kh7 36. Qc1
hxg3+ 37. Rbxg3 Rg8 38. Qe3 Rbd8 39. Qf3 Rg6 40. Be3 Rdg8
41. Rxg6 fxg6 42. Rg2 Rd8 43. Qe2 Rxd4 44. Bxd4 Qxf4+ 45. Kh1
Qxd4 46. Qd2 Qxb6 47. Qd7 Nd5 48. Qxe6 Qb1+ 49. Kh2 f4
50. Qf7+ Kh6 51. Qg8 g5 52. h4 Qf5 53. hxg5+ Bxg5 54. Qh8+ Kg6
55. Qg8+ Kh6 56. Qh8+ Kg6 57. Qg8+ Kh5 58. e6 f3 59. Qf7+ Qxf7
60. Rxg5+ Kxg5 61. exf7 f2 62. f8=Q Ne3 63. Qg7+ Kf5 64. Qf7+
Ke4 65. Qe6+ Kd4 66. Qd6+ Kc4 67. Qe6+ Kb4 68. Qe7+ c5
69. Qxb7+ Kc3 70. Qg7+ Kb4 71. Qb7+ Kxa4 72. Qe4+ c4 73. Qe8+
Kb4 74. Qe7+ Kb5 75. Qe8+ Ka5 76. Qe5+ Ka4 77. Qe8+ Kb4
78. Qe7+ 1/2-1/2

[Event "Olympiad"]
[Site "Bled SLO"]
[Date "2002.11.06"]
[EventDate "2002.10.26"]
[Round "11"]
[Result "1-0"]
[White "Adrian Mikhalchishin"]
[Black "Rui Damaso"]
[WhiteElo "2542"]
[BlackElo "2427"]
[PlyCount "79"]

1. Nf3 d6 2. d4 Nf6 3. g3 g6 4. Bg2 Bg7 5. O-O O-O 6. a4 Na6
7. a5 c5 8. Nc3 Bd7 9. e4 cxd4 10. Nxd4 Rc8 11. h3 Rxc3
12. bxc3 Nc5 13. Re1 Qc7 14. Ba3 Rc8 15. Bb4 Na4 16. Qd3 Nb2
17. Qe2 Nc4 18. a6 b6 19. f4 e5 20. fxe5 dxe5 21. Nf3 Bh6
22. Qf2 Nh5 23. Bf1 Be6 24. Bxc4 Bxc4 25. Rad1 f6 26. Nh2 Bxa6
27. Ng4 Bg7 28. Rd6 Re8 29. Red1 Bc8 30. Qd2 a5 31. Rd8 Rxd8
32. Qxd8+ Qxd8 33. Rxd8+ Kf7 34. Rxc8 axb4 35. cxb4 Bf8
36. Rc7+ Ke6 37. Rc6+ Kd7 38. Rxb6 Kc7 39. Rb5 Kc6 40. c4 1-0

[Event "Olympiad"]
[Site "Bled SLO"]
[Date "2002.11.06"]
[EventDate "2002.10.26"]
[Round "11"]
[Result "1/2-1/2"]
[White "Diogo Fernando"]
[Black "Drazen Sermek"]
[WhiteElo "2408"]
[BlackElo "2590"]
[PlyCount "99"]

1. e4 c5 2. Nf3 e6 3. Nc3 Nc6 4. Bb5 Nd4 5. O-O Ne7 6. Nxd4
cxd4 7. Ne2 Qb6 8. Bd3 Nc6 9. c3 g6 10. Nxd4 Nxd4 11. cxd4 Bg7
12. d5 exd5 13. exd5 O-O 14. Be4 d6 15. d3 Bd7 16. Bf4 Rfc8
17. Rb1 Rc7 18. Qd2 Rac8 19. Rfc1 Rxc1+ 20. Rxc1 Rxc1+
21. Qxc1 Bxb2 22. Qb1 Ba3 23. Qxb6 axb6 24. d4 Bb5 25. Bc2 Bc4
26. Bb3 b5 27. f3 Kf8 28. Bg5 f5 29. Kf2 Bb2 30. Be3 Bc3
31. g4 Bd3 32. Bh6+ Kf7 33. Ke3 Bc4 34. Bf4 Bb4 35. Bg5 Ba3
36. Kd2 Bb4+ 37. Ke3 Ba3 38. Kd2 Bb2 39. Be3 fxg4 40. fxg4 Bf1
41. Kc2 Ba1 42. g5 b4 43. h4 Ke7 44. Bf2 b5 45. Kc1 Bg2
46. Kc2 Be4+ 47. Kc1 Bc3 48. Kd1 Kf7 49. Kc1 Ke7 50. Kd1
1/2-1/2

[Event "Olympiad"]
[Site "Bled SLO"]
[Date "2002.11.06"]
[EventDate "2002.10.26"]
[Round "11"]
[Result "1/2-1/2"]
[White "Giovanni Portilho Vescovi"]
[Black "Farrukh Amonatov"]
[WhiteElo "2614"]
[BlackElo "2518"]
[PlyCount "39"]

1. e4 c5 2. Nf3 d6 3. Bb5+ Nd7 4. d4 Ngf6 5. Nc3 cxd4 6. Qxd4
e5 7. Qd3 h6 8. Be3 Be7 9. Bc4 a6 10. a4 Qa5 11. O-O Nc5
12. Bxc5 Qxc5 13. Nd5 Nxd5 14. Bxd5 O-O 15. Ra3 Rb8 16. Rc3
Qa5 17. Qc4 Bd8 18. Rd3 Qc7 19. Nd2 Bd7 20. Qxc7 1/2-1/2

[Event "Olympiad"]
[Site "Bled SLO"]
[Date "2002.11.06"]
[EventDate "2002.10.26"]
[Round "11"]
[Result "1-0"]
[White "Darcy Gustavo Machado Vieira Lima"]
[Black "Rashid Khouseinov"]
[WhiteElo "2533"]
[BlackElo "2331"]
[PlyCount "93"]

1. d4 f5 2. Nf3 Nf6 3. c4 g6 4. g3 Bg7 5. Bg2 O-O 6. O-O d6
7. Nc3 Qe8 8. d5 a5 9. Rb1 Bd7 10. b3 Na6 11. a3 Rb8 12. Bb2
h6 13. Nd4 g5 14. e4 f4 15. Nf5 Bxf5 16. exf5 g4 17. gxf4 Qd7
18. Nb5 Qxf5 19. Nd4 Qg6 20. f5 Qh5 21. f3 Nc5 22. b4 axb4
23. axb4 Ncd7 24. Ne6 g3 25. hxg3 Qxf5 26. Nxf8 Rxf8 27. Kh2
Qg5 28. Qe1 Ne5 29. Bxe5 dxe5 30. Bh3 Kh8 31. f4 exf4 32. Rxf4
Ra8 33. Qf2 b5 34. Be6 bxc4 35. Rxc4 Rf8 36. Rf4 Rd8 37. Re1
Qh5+ 38. Kg2 Qg6 39. Qf3 Nh7 40. Bf5 Qg5 41. Bxh7 Kxh7 42. Rf5
Qd2+ 43. Re2 Qxb4 44. Rf7 Rd6 45. Rxg7+ Kxg7 46. Rxe7+ Kg6
47. Qf7+ 1-0

[Event "Olympiad"]
[Site "Bled SLO"]
[Date "2002.11.06"]
[EventDate "2002.10.26"]
[Round "11"]
[Result "1/2-1/2"]
[White "Marat Mamadshoev"]
[Black "Everaldo Matsuura"]
[WhiteElo "2263"]
[BlackElo "2453"]
[PlyCount "105"]

1. e4 e5 2. Nf3 Nc6 3. Bb5 a6 4. Ba4 Nf6 5. O-O Be7 6. Re1 b5
7. Bb3 d6 8. c3 O-O 9. h3 Na5 10. Bc2 c5 11. d4 Qc7 12. Nbd2
cxd4 13. cxd4 Rd8 14. d5 Bd7 15. Nf1 Rdc8 16. Bd3 Nb7 17. g4
Nc5 18. Bb1 h5 19. N3h2 hxg4 20. hxg4 Nh7 21. Kg2 Bg5 22. Bxg5
Nxg5 23. Ng3 Qd8 24. Qd2 Nh7 25. Bc2 Qg5 26. Qxg5 Nxg5
27. Rac1 b4 28. f3 g6 29. Nhf1 Bb5 30. Red1 Rc7 31. Ne3 Rac8
32. Rb1 a5 33. Rd2 a4 34. Rbd1 b3 35. axb3 axb3 36. Bb1 f6
37. Rh1 Rh7 38. Rxh7 Kxh7 39. Ne2 Kg7 40. Nc3 Ba6 41. Ned1 Rb8
42. Nf2 Rb4 43. Rd1 Rd4 44. Kg3 f5 45. exf5 Rf4 46. Be4 gxf5
47. gxf5 Bc8 48. Re1 Bxf5 49. Re3 Bxe4 50. Ncxe4 Ngxe4+
51. Nxe4 Nxe4+ 52. Rxe4 Rxe4 53. fxe4 1/2-1/2

[Event "Olympiad"]
[Site "Bled SLO"]
[Date "2002.11.06"]
[EventDate "2002.10.26"]
[Round "11"]
[Result "1/2-1/2"]
[White "Zenon Franco Ocampos"]
[Black "Edvins Kengis"]
[WhiteElo "2504"]
[BlackElo "2570"]
[PlyCount "54"]

1. c4 b6 2. d4 Bb7 3. Nc3 e6 4. a3 f5 5. d5 Nf6 6. g3 b5
7. Bg2 bxc4 8. Nh3 Na6 9. O-O Nc5 10. Bg5 Be7 11. dxe6 Bxg2
12. exd7+ Qxd7 13. Qxd7+ Kxd7 14. Rad1+ Kc6 15. Kxg2 Rab8
16. Rd4 Rxb2 17. Rc1 Ne6 18. Rxc4+ Kd7 19. Bxf6 Bxf6 20. Nf4
Nxf4+ 21. gxf4 Bd8 22. Ra4 Rb7 23. Ra5 g6 24. Na4 Be7 25. Nc5+
Bxc5 26. Raxc5 Re8 27. e3 Re6 1/2-1/2

[Event "Olympiad"]
[Site "Bled SLO"]
[Date "2002.11.06"]
[EventDate "2002.10.26"]
[Round "11"]
[Result "1-0"]
[White "Normunds Miezis"]
[Black "Eduardo Peralta"]
[WhiteElo "2523"]
[BlackElo "2355"]
[PlyCount "121"]

1. c4 e5 2. Nc3 Nc6 3. g3 Nf6 4. Bg2 Bc5 5. e3 a6 6. Nge2 d6
7. d4 exd4 8. exd4 Ba7 9. O-O h6 10. h3 O-O 11. a3 Ne7 12. b4
c6 13. Bf4 Ng6 14. Be3 Re8 15. Nf4 Ne7 16. g4 d5 17. cxd5
Nexd5 18. Nfxd5 Nxd5 19. Nxd5 cxd5 20. Qd2 Be6 21. Rfc1 Qd7
22. a4 h5 23. f3 Rac8 24. Rxc8 Rxc8 25. Bf1 Bb8 26. b5 axb5
27. axb5 hxg4 28. hxg4 Qd6 29. Ra2 f5 30. gxf5 Bxf5 31. Qg2
Re8 32. Qg5 Qf6 33. Qxf6 gxf6 34. Kf2 Kf7 35. b6 Rc8 36. Bb5
Rc2+ 37. Rxc2 Bxc2 38. Bd7 Bd3 39. Bc8 Ba6 40. f4 Bd6 41. f5
Ke7 42. Be6 Bc4 43. Bd2 Kd8 44. Kf3 Ke7 45. Kg4 Ba3 46. Kh5
Bd6 47. Kg6 Ba3 48. Be1 Kd6 49. Kxf6 Kc6 50. Kg7 Kxb6 51. f6
Ba2 52. Bd7 Bb3 53. f7 Bc4 54. f8=Q Bxf8+ 55. Kxf8 Bb5 56. Ke7
Bxd7 57. Kxd7 Kb5 58. Kd6 Kc4 59. Ke5 b6 60. Bh4 b5 61. Be1
1-0

[Event "Olympiad"]
[Site "Bled SLO"]
[Date "2002.11.06"]
[EventDate "2002.10.26"]
[Round "11"]
[Result "0-1"]
[White "Jorge Sosa Harrison"]
[Black "Maris Krakops"]
[WhiteElo "2311"]
[BlackElo "2530"]
[PlyCount "64"]

1. Nf3 Nf6 2. b3 g6 3. Bb2 Bg7 4. g3 d6 5. d4 c5 6. Bg2 cxd4
7. Nxd4 d5 8. O-O e5 9. Nf3 e4 10. Nd4 O-O 11. Na3 e3 12. f3
h5 13. c4 h4 14. g4 Nh5 15. gxh5 h3 16. f4 hxg2 17. Rf3 Qh4
18. Qd3 Qxh5 19. f5 Bxf5 20. Qxe3 Bg4 21. Rg3 Nd7 22. Qf4 Bxe2
23. Rxg2 Rae8 24. Qf2 Bg4 25. cxd5 Nc5 26. Qg3 Re4 27. Ne6
Bxb2 28. Rxb2 Bxe6 29. dxe6 Rg4 30. e7 Re8 31. Re1 Rxg3+
32. hxg3 Nd3 0-1

[Event "Olympiad"]
[Site "Bled SLO"]
[Date "2002.11.06"]
[EventDate "2002.10.26"]
[Round "11"]
[Result "1-0"]
[White "Stefan Kristjansson"]
[Black "Filemon Cruz"]
[WhiteElo "2431"]
[BlackElo "2363"]
[PlyCount "52"]

1. e4 c5 2. c3 d5 3. exd5 Qxd5 4. d4 e6 5. Nf3 Nf6 6. Be3 cxd4
7. cxd4 Be7 8. Nc3 Qd6 9. Bd3 Nc6 10. a3 O-O 11. O-O b6
12. Qe2 Bb7 13. Rad1 Rfe8 14. Bb1 Rac8 15. Rfe1 Nd5 16. Qd3 g6
17. Ne4 Qd8 18. Bh6 Nf6 19. Ba2 Nxe4 20. Qxe4 Bf6 21. Qf4 Bg7
22. Bxg7 Kxg7 23. Ng5 Qf6 24. Qxf6+ Kxf6 25. Ne4+ Ke7 26. d5
exd5 1-0

[Event "Olympiad"]
[Site "Bled SLO"]
[Date "2002.11.06"]
[EventDate "2002.10.26"]
[Round "11"]
[Result "0-1"]
[White "Christian Esplana"]
[Black "Throstur Thorhallsson"]
[WhiteElo "2352"]
[BlackElo "2443"]
[PlyCount "104"]

1. e4 e6 2. d4 d5 3. Nc3 Nf6 4. Bg5 Be7 5. e5 Nfd7 6. Bxe7
Qxe7 7. f4 a6 8. Nf3 c5 9. dxc5 Nc6 10. Bd3 Qxc5 11. Qd2 b5
12. Qf2 Qb4 13. O-O Qxb2 14. Ne2 Qa3 15. Qg3 g6 16. Ng5 Qe7
17. a4 b4 18. h4 Qc5+ 19. Kh2 Ne7 20. h5 Bb7 21. c3 bxc3
22. Qh3 Rg8 23. Rab1 Bc6 24. Nf3 Qe3 25. Nfd4 Qxh3+ 26. Kxh3
Nc5 27. Nxc6 Nxc6 28. Bc2 Kd7 29. Nxc3 Rab8 30. Rbc1 Rb4
31. g3 Rgb8 32. Rfd1 Rc4 33. Bb1 Na5 34. Ba2 Nab3 35. Rc2 Kc6
36. Bb1 Nd4 37. Rcd2 Nf3 38. Rc2 Nd4 39. Rcd2 Rxc3 40. Rxd4
Rbb3 41. Rg1 Ra3 42. hxg6 hxg6 43. Kg4 Nxa4 44. Kg5 Rxg3+
45. Rxg3 Rxg3+ 46. Kf6 Nc3 47. Bc2 Rg2 48. Bb3 Rb2 49. Rb4 a5
50. Ba4+ Nxa4 51. Rxa4 Rb4 52. Rxa5 Rxf4+ 0-1

[Event "Olympiad"]
[Site "Bled SLO"]
[Date "2002.11.06"]
[EventDate "2002.10.26"]
[Round "11"]
[Result "1-0"]
[White "Helgi Ass Gretarsson"]
[Black "Mario Belli Pino"]
[WhiteElo "2508"]
[BlackElo "2401"]
[PlyCount "77"]

1. d4 Nf6 2. c4 d6 3. Nc3 g6 4. e4 Bg7 5. f4 O-O 6. Nf3 Na6
7. Bd3 e5 8. fxe5 dxe5 9. d5 c6 10. O-O Re8 11. Kh1 Nc5
12. Bc2 cxd5 13. cxd5 b6 14. b4 Nb7 15. Ba4 Bd7 16. Bc6 Bxc6
17. dxc6 Nd6 18. Bg5 b5 19. a4 Qb8 20. Bxf6 Bxf6 21. Rc1 Bg7
22. Qd5 bxa4 23. Rfd1 Bf8 24. Nxe5 Qxb4 25. Nd7 Be7 26. e5 Nf5
27. Qd3 Bg5 28. Nd5 Qh4 29. Rc4 Qf2 30. Rc2 Qh4 31. N7f6+ Kg7
32. Rc4 Qf2 33. Ne4 Qh4 34. Nd6 Qh6 35. Nxe8+ Rxe8 36. c7 Rc8
37. Rb1 a3 38. Qxa3 Qh5 39. Qf3 1-0

[Event "Olympiad"]
[Site "Bled SLO"]
[Date "2002.11.06"]
[EventDate "2002.10.26"]
[Round "11"]
[Result "1/2-1/2"]
[White "Marijan Petrov"]
[Black "Andrei Maznitsin"]
[WhiteElo "2513"]
[BlackElo "2132"]
[PlyCount "45"]

1. e4 c6 2. d4 d5 3. e5 c5 4. dxc5 Nc6 5. Bb5 e6 6. Be3 Nge7
7. c3 Bd7 8. Bxc6 Nxc6 9. Nf3 Qc7 10. Bd4 Nxd4 11. cxd4 b6
12. c6 Bb4+ 13. Nbd2 Qxc6 14. O-O O-O 15. Qb3 Qb5 16. Rfc1
Rfc8 17. Nf1 a5 18. Ng3 a4 19. Qe3 Be7 20. Qd2 Rc4 21. Rxc4
Qxc4 22. a3 Rc8 23. Ne2 1/2-1/2

[Event "Olympiad"]
[Site "Bled SLO"]
[Date "2002.11.06"]
[EventDate "2002.10.26"]
[Round "11"]
[Result "1-0"]
[White "Aleksander Delchev"]
[Black "Alexei Sidorenko"]
[WhiteElo "2560"]
[BlackElo "2324"]
[PlyCount "121"]

1. e4 e5 2. Nf3 Nc6 3. d4 exd4 4. Nxd4 Nf6 5. Nxc6 bxc6 6. e5
Qe7 7. Qe2 Nd5 8. c4 Ba6 9. b3 g6 10. f4 Bg7 11. Qf2 Nf6
12. Ba3 Ng4 13. Qe2 Qe6 14. Nd2 f5 15. h3 Nh6 16. Nf3 O-O-O
17. O-O-O Rhe8 18. Qd2 c5 19. Bxc5 Bb7 20. Ng5 Qc6 21. Bd4 d6
22. e6 Bxd4 23. Qxd4 Qb6 24. c5 Qxc5+ 25. Qxc5 dxc5 26. Bb5
Rxd1+ 27. Rxd1 Re7 28. Rd7 Ng8 29. Nf7 Re8 30. Rd2 Rf8 31. Ng5
h6 32. Nf7 Be4 33. Ba6+ Bb7 34. Bxb7+ Kxb7 35. Rd7 Kb6 36. Ne5
Re8 37. Rg7 g5 38. fxg5 hxg5 39. Rxg5 Ne7 40. h4 c4 41. Nxc4+
Kc6 42. Ne3 Rf8 43. g4 fxg4 44. Rxg4 Kd6 45. Re4 Rf2 46. a4
Rh2 47. Kd1 a6 48. Ke1 c6 49. Kf1 Kc7 50. Kg1 Rd2 51. h5 Rd8
52. Kg2 Rh8 53. Rd4 Re8 54. Rd7+ Kb6 55. Nc4+ Kc5 56. Nd6 Rg8+
57. Kf3 Kd5 58. Nc8+ Ke5 59. Nxe7 Rf8+ 60. Kg4 Kxe6 61. Ng6
1-0

[Event "Olympiad"]
[Site "Bled SLO"]
[Date "2002.11.06"]
[EventDate "2002.10.26"]
[Round "11"]
[Result "1-0"]
[White "Sergio Slipak"]
[Black "Dritan Mehmeti"]
[WhiteElo "2498"]
[BlackElo "2302"]
[PlyCount "49"]

1. d4 c5 2. e3 g6 3. c3 Bg7 4. Nf3 Qc7 5. e4 b6 6. Bg5 Bb7
7. Nbd2 d6 8. Bb5+ Bc6 9. Bxc6+ Nxc6 10. O-O Nf6 11. d5 Na5
12. Re1 O-O 13. Nf1 b5 14. Qc1 Nc4 15. b3 Nb6 16. Bh6 a5
17. Qg5 a4 18. b4 Bxh6 19. Qxh6 cxb4 20. cxb4 Qc2 21. h3 Nc4
22. Ng5 e6 23. Nh2 Rfe8 24. Ng4 Qb2 25. Nf3 1-0